Datum a čas kvízu
24
Celkem bodů
Celkový počet nahraných bodů na tomto kvízu bez doplňovacích otázek.
5.
Pořadí na kvízu
Konečné umístění týmu na tomto kvízu.
Zaznamenané odpovědi
| # | Otázka | Odpověď | Body | Výsledky |
|---|---|---|---|---|
| 1. | Sněmovna schválila minulý týde... | tři přihlášky | 1 | |
| 2. | Jeden bývalý evropský premiér... | Boris Johnson | 0 | |
| 3. | Ve čtvrtek měl v Hudebním diva... | Anděl Páně | 0 | |
| 4. | Která dvě křestní jména (jedno... | Eliška, Jakub | 0 | |
| 5. | Který hokejista, bývalý reprez... | Tomáš Plekanec | 1 | |
| 6. | Naše téma nezačneme v kurníku,... | Fabergého vejce | 0 | |
| 7. | Barvíte velikonoční vajíčka? T... | 1B 2C 3D 4A | 1 | |
| 8. | Která z vajec na obrázku snesl... | B | 0 | |
| 9. | Ze kterého animovaného filmu z... | ze Slepičího úletu | 0 | |
| 10. | Vyberte nepravdivé tvrzení. | C | 1 |